Linear statistical inference and its applications

Saved in:
Bibliografiske detaljer
Hovedforfatter: Rao, Calyampudi R (Author)
Format: Bog
Sprog:engelsk
Udgivet: Nueva York John Wiley 1965
Fag:
Tags: Tilføj Tag
Ingen Tags, Vær først til at tagge denne postø!

MARC

LEADER 00000nam a2200000 a 4500
001 UCP1047
003 CL-VaPUC
008 990326e19650000US |||||||||||||||||eng|d
082 0 4 |a 519.5  |b RAO  |2 21 
100 0 |a Rao, Calyampudi R  |e author  |9 426790 
245 1 0 |a Linear statistical inference and its applications 
300 |a 522 p 
942 |c BK 
945 |d 19990326 00:00:00  |a crobeson 
260 |a Nueva York  |b John Wiley  |c 1965 
650 0 |a Estadística matemática  |9 260028 
650 0 |a Teoría de probabilidades   |9 336944 
650 0 |a Álgebra de Matrices  |9 422140 
650 0 |a Análisis de varianza   |9 336938 
650 7 |a METODOS DE ESTIMACION  |2 CL-VaPUC  |9 425211 
650 0 |a Inferencia estadística  |9 312855 
583 |a last modification  |c 19990326 00:00:00  |k Rodrigo Vera 
999 |c 279765  |d 279763 
952 |0 0  |1 0  |4 0  |6 519_500000000000000_RAO_1965  |7 0  |8 A  |9 319544  |a BIBGIM  |b BIBGIM  |d 2019-11-20  |i 1333755  |o 519.5 RAO 1965  |p 1333755  |r 2025-01-15  |w 2019-11-20  |y BK  |k EST